000 00447nam a2200193Ia 4500
005 20240823035242.0
008 240823s9999||||xx |||||||||||||| ||und||
020 _a978-0-14-103749-3
041 _aENGLISH
082 _A813.54 P8
100 _aKen Kesey
245 0 _aOne Flew over the Cuckoos Nest
250 _a1st
260 _c2008
_b"Penguin Books,En"
500 _aYES
650 _aNovel
_bEnglish
942 _cBK
999 _c200239
_d200239